[Event "Championnat de France - Open A"]
[Site "Pau"]
[Date "2008.08.20"]
[Round "8.62"]
[White "Lamouille, Patrick"]
[Black "Cheron, Stephane"]
[Result "1-0"]
[WhiteElo "2052"]
[BlackElo "1990"]
[PlyCount "121"]

1. d4 d5 2. Nf3 c5 3. e3 e6 4. g3 Nf6 5. Bg2 Nc6 6. b3 Be7 7. O-O O-O 8. Qe2 a6
9. a4 b6 10. Ba3 Bb7 11. Nbd2 Rc8 12. Rfc1 Re8 13. c4 cxd4 14. Bxe7 Rxe7 15.
Nxd4 Nxd4 16. exd4 dxc4 17. Bxb7 Rxb7 18. Nxc4 h6 19. Rd1 Qd5 20. a5 bxa5 21.
Rxa5 Qc6 22. Rc5 Qd7 23. Rxc8+ Qxc8 24. Nd6 Qc6 25. Nxb7 Qxb7 26. Qc4 Qf3 27.
Qd3 Qb7 28. Ra1 Nd5 29. Ra4 h5 30. Rc4 h4 31. Kf1 Nb4 32. Qe3 Qh1+ 33. Ke2 Nd5
34. Qf3 Qxf3+ 35. Kxf3 hxg3 36. hxg3 Kf8 37. Rc6 Nb4 38. Rb6 a5 39. Rb5 Nc6 40.
Ke3 Ke8 41. Rb7 f5 42. Rc7 Nb4 43. Rc5 Nd5+ 44. Kd2 g5 45. Rxa5 Ke7 46. Kd3 Nf6
47. f3 g4 48. fxg4 Nxg4 49. Ra7+ Kd6 50. b4 Nf2+ 51. Kc4 Ne4 52. Ra6+ Kd7 53.
Ra3 Nd2+ 54. Kc5 Ne4+ 55. Kb6 Nf6 56. Ra7+ Kd6 57. b5 Kd5 58. Rf7 Ne4 59. Rd7+
Kc4 60. Ka6 Nf6 61. Rd8 1-0

[Event "Championnat de France - Open A"]
[Site "Pau"]
[Date "2008.08.20"]
[Round "8.63"]
[White "Brunstein, Sandrine"]
[Black "Hurpeau, Jean-Marc"]
[Result "1-0"]
[WhiteElo "2049"]
[BlackElo "1966"]
[PlyCount "53"]

1. e4 e6 2. d4 d5 3. e5 c5 4. c3 Nc6 5. Nf3 Bd7 6. a3 f6 7. Bd3 fxe5 8. Nxe5
Nxe5 9. dxe5 Ne7 10. O-O Qc7 11. f4 g6 12. Nd2 O-O-O 13. Nf3 c4 14. Bc2 Qc5+
15. Kh1 Nc6 16. Qe1 Be7 17. Be3 Qa5 18. Rd1 Rdg8 19. a4 h6 20. Qd2 g5 21. f5
exf5 22. Qxd5 Qxd5 23. Rxd5 f4 24. Bg1 Rd8 25. Nd4 Kb8 26. Rd1 Rhf8 27. Rxd7
1-0

[Event "Championnat de France - Open A"]
[Site "Pau"]
[Date "2008.08.20"]
[Round "8.64"]
[White "Brunier, Jules"]
[Black "Moullier, Igor"]
[Result "1-0"]
[WhiteElo "1937"]
[BlackElo "2041"]
[PlyCount "89"]

1. e4 e6 2. d4 d5 3. Nd2 c5 4. exd5 Qxd5 5. Ngf3 cxd4 6. Bc4 Qd6 7. O-O Nf6 8.
Nb3 Nc6 9. Nbxd4 Nxd4 10. Nxd4 a6 11. b3 Bd7 12. Bb2 Qc7 13. Qe2 O-O-O 14. Nf3
Bd6 15. Ne5 Be8 16. a4 h5 17. f4 Bc5+ 18. Kh1 h4 19. Rf3 Nh5 20. Qe1 Ng3+ 21.
Rxg3 hxg3 22. Qxg3 Bc6 23. Re1 Rd2 24. Nxc6 Qxc6 25. Qxg7 Rf8 26. Bd3 Rf2 27.
Qg3 Qe8 28. Be4 f5 29. Qc3 Qe7 30. Ba3 b6 31. b4 fxe4 32. bxc5 b5 33. axb5
R8xf4 34. Rg1 Qg5 35. Qa5 Rxg2 36. Qxa6+ Kb8 37. Qb6+ Kc8 38. Qxe6+ Kb8 39.
Qe8+ Ka7 40. b6+ Ka6 41. Qa8+ Kb5 42. Rb1+ Kc4 43. Qa4+ Kd5 44. Rd1+ Ke6 45.
Qd7+ 1-0

[Event "Championnat de France - Open A"]
[Site "Pau"]
[Date "2008.08.20"]
[Round "8.65"]
[White "Batteux, Mickael"]
[Black "Bornhauser, Eric"]
[Result "0-1"]
[WhiteElo "2030"]
[BlackElo "1985"]
[PlyCount "52"]

1. d4 Nf6 2. Nf3 g6 3. Nc3 d5 4. Bf4 c6 5. e3 Bg7 6. Qd2 O-O 7. Be2 Nbd7 8. Ne5
e6 9. h4 Nxe5 10. Bxe5 h6 11. O-O-O b5 12. g4 b4 13. Na4 Ne4 14. Qe1 Bxe5 15.
dxe5 Qa5 16. f3 Qxa4 17. fxe4 a5 18. Kb1 b3 19. axb3 Qxe4 20. Qg3 c5 21. h5 g5
22. Rhf1 Ba6 23. Bd3 Bxd3 24. Rxd3 a4 25. b4 Qxb4 26. Qf3 Rab8 0-1

[Event "Championnat de France - Open A"]
[Site "Pau"]
[Date "2008.08.20"]
[Round "8.66"]
[White "Peyre, Thomas"]
[Black "Gretry, Patrice"]
[Result "1-0"]
[WhiteElo "1922"]
[BlackElo "2029"]
[PlyCount "69"]

1. e4 d6 2. d4 Nf6 3. Nc3 g6 4. Nf3 c6 5. a4 Bg7 6. Be2 O-O 7. O-O b6 8. Bg5
Bb7 9. Re1 Na6 10. Bf1 Nc7 11. h3 Re8 12. Qd2 Qd7 13. Rad1 a6 14. Bh6 Bh8 15.
e5 Nfd5 16. Ne4 b5 17. c4 bxc4 18. Bxc4 a5 19. Neg5 Bg7 20. Bxg7 Kxg7 21. Nh2
h5 22. Bxd5 cxd5 23. Qf4 Rf8 24. Rc1 Rac8 25. Qe3 Qxa4 26. exd6 exd6 27. Qe7
Qb4 28. Rxc7 Rxc7 29. Ne6+ Kh7 30. Nxc7 Kg8 31. Ne8 Bc6 32. Nf6+ Kg7 33. Nf3
Rb8 34. Ng5 Rb7 35. Ne6+ 1-0

[Event "Championnat de France - Open A"]
[Site "Pau"]
[Date "2008.08.20"]
[Round "8.67"]
[White "Lewertowski, Gabriel"]
[Black "Brih, Touatia"]
[Result "1-0"]
[WhiteElo "2017"]
[BlackElo "1934"]
[PlyCount "63"]

1. e4 c5 2. Nc3 a6 3. Nf3 b5 4. d4 cxd4 5. Nxd4 Bb7 6. Bd3 Nc6 7. Be3 Nf6 8. f3
e5 9. Nf5 g6 10. Ng3 Nb4 11. Be2 d5 12. a3 d4 13. Bg5 h6 14. Bxf6 Qxf6 15. Nxb5
axb5 16. axb4 Bxb4+ 17. c3 dxc3 18. Bxb5+ Kf8 19. Rxa8+ Bxa8 20. Qa4 Qe7 21.
Qxa8+ Kg7 22. Qc6 cxb2+ 23. Ke2 Rd8 24. Bd3 Qa7 25. Qb5 Qd4 26. Rb1 Bc5 27. Kd2
Qe3+ 28. Kc2 Bd4 29. Ne2 Rc8+ 30. Kd1 Bc3 31. Nxc3 Rxc3 32. Qxe5+ 1-0

[Event "Championnat de France - Open A"]
[Site "Pau"]
[Date "2008.08.20"]
[Round "8.68"]
[White "Deschler, Fabrice"]
[Black "Cruz, Manuel"]
[Result "1-0"]
[WhiteElo "2141"]
[BlackElo "2001"]
[PlyCount "71"]

1. d4 d6 2. Nf3 Nf6 3. c4 g6 4. Nc3 Bg7 5. g3 O-O 6. Bg2 c6 7. O-O Nbd7 8. e4
e5 9. h3 Re8 10. Re1 exd4 11. Nxd4 Qc7 12. Be3 Nc5 13. Qc2 Bd7 14. Rad1 Rad8
15. f4 h5 16. b4 Ne6 17. Nf3 Nf8 18. Ng5 N6h7 19. c5 dxc5 20. Nxh7 Nxh7 21.
Bxc5 b6 22. Bd6 Qc8 23. Kh2 Be6 24. e5 Bf5 25. Qa4 Bf8 26. Bxf8 Nxf8 27. Qxa7
Nd7 28. Ne4 Bxe4 29. Bxe4 c5 30. b5 Qb8 31. Rxd7 Rxd7 32. Qxd7 Rd8 33. Qe7 Rd2+
34. Kg1 Qc8 35. e6 fxe6 36. Bxg6 1-0

[Event "Championnat de France - Open A"]
[Site "Pau"]
[Date "2008.08.20"]
[Round "8.69"]
[White "Hodot, Yves"]
[Black "Jacquot, David"]
[Result "0-1"]
[WhiteElo "1963"]
[BlackElo "2087"]
[PlyCount "57"]

1. e4 c5 2. b4 d6 3. bxc5 dxc5 4. Bb5+ Bd7 5. Bc4 b5 6. Be2 Bc6 7. Nc3 b4 8.
Nd5 e6 9. c4 exd5 10. cxd5 Bb7 11. Bb5+ Nd7 12. Nf3 Ngf6 13. Ng5 Be7 14. e5
Bxd5 15. Qc2 Ng4 16. e6 fxe6 17. Nxh7 Kf7 18. Be2 Ngf6 19. Ng5+ Kg8 20. O-O Qc7
21. f4 c4 22. Bb2 Bd6 23. g3 Bc5+ 24. Rf2 Bxf2+ 25. Kxf2 Rxh2+ 26. Ke1 Rh1+ 27.
Bf1 Qc5 28. Qg6 Qg1 29. Kd1 0-1

[Event "Championnat de France - Open A"]
[Site "Pau"]
[Date "2008.08.20"]
[Round "8.70"]
[White "Cao, Philippe"]
[Black "Vaillant, Stephane"]
[Result "1/2-1/2"]
[WhiteElo "1991"]
[BlackElo "2016"]
[PlyCount "51"]

1. e4 e6 2. d4 d5 3. Nc3 Nf6 4. e5 Nfd7 5. f4 c5 6. Nf3 Nc6 7. Be3 cxd4 8. Nxd4
Bc5 9. Qd2 a6 10. O-O-O Nxd4 11. Bxd4 O-O 12. h4 Qc7 13. h5 Bxd4 14. Qxd4 Qc5
15. Qxc5 Nxc5 16. Bd3 Bd7 17. Kd2 Bc6 18. Ne2 Nxd3 19. cxd3 d4 20. Rhg1 Rad8
21. Rc1 Rd5 22. Rc4 Rfd8 23. g4 f6 24. exf6 gxf6 25. Ng3 h6 26. Ne4 1/2-1/2

[Event "Championnat de France - Open A"]
[Site "Pau"]
[Date "2008.08.20"]
[Round "8.71"]
[White "Chizelle, Bernard"]
[Black "Le Montagner, Yoann"]
[Result "1-0"]
[WhiteElo "1960"]
[BlackElo "2014"]
[PlyCount "135"]

1. e4 c5 2. Nf3 d6 3. d4 cxd4 4. Nxd4 Nf6 5. Nc3 g6 6. Be2 Bg7 7. O-O O-O 8.
Kh1 Nc6 9. f4 Nxe4 10. Nxc6 Nxc3 11. Nxd8 Nxd1 12. Nxb7 Nxb2 13. Bxb2 Bxb7 14.
Bxg7 Kxg7 15. Rab1 Rab8 16. Rb3 Bd5 17. c4 Be4 18. Rc1 Rfc8 19. Kg1 Rb6 20. Ra3
Rc7 21. Kf2 Rb2 22. g4 a5 23. Rcc3 Rc5 24. Re3 Bb1 25. Rxe7 Bxa2 26. Ke3 Rb3+
27. Rxb3 Bxb3 28. Kd4 a4 29. Ra7 Kf6 30. g5+ Kg7 31. h4 Kf8 32. Bd3 Ke8 33. Kc3
Rc8 34. Kd4 Rd8 35. Be4 Bd1 36. Bd5 Bg4 37. Rxa4 Be6 38. Ra7 Bxd5 39. Kxd5 Rd7
40. Ra8+ Ke7 41. Kc6 Ke6 42. Ra1 Rd8 43. Re1+ Kf5 44. Re7 Rc8+ 45. Kd5 Kg4 46.
Rxf7 Kxh4 47. Rxh7+ Kg4 48. Rf7 Rc5+ 49. Kd4 Ra5 50. Rf6 Ra1 51. Rxg6 Kxf4 52.
Rxd6 Kxg5 53. Re6 Kf5 54. Re2 Rd1+ 55. Kc5 Rc1 56. Kd5 Rd1+ 57. Kc6 Rc1 58. c5
Kf6 59. Kd6 Rd1+ 60. Kc7 Rc1 61. c6 Kf7 62. Kd7 Rd1+ 63. Kc8 Rc1 64. c7 Kf8 65.
Re6 Kf7 66. Rb6 Ke7 67. Kb8 Kd7 68. Rb7 1-0

[Event "Championnat de France - Open A"]
[Site "Pau"]
[Date "2008.08.20"]
[Round "8.72"]
[White "Pradere, Anthony"]
[Black "Zeller, Olivier"]
[Result "1/2-1/2"]
[WhiteElo "1930"]
[BlackElo "2011"]
[PlyCount "80"]

1. e4 d6 2. Nc3 g6 3. d4 Nf6 4. f3 c6 5. Be3 Bg7 6. Qd2 b5 7. O-O-O Qa5 8. Kb1
Nbd7 9. Bh6 Bxh6 10. Qxh6 Nb6 11. Nge2 Be6 12. Nc1 Na4 13. Nb3 Qb6 14. Ne2 a5
15. Nf4 Bc4 16. e5 Nd7 17. exd6 exd6 18. Re1+ Kd8 19. Bd3 Kc7 20. Re7 Rae8 21.
Rhe1 Qb8 22. Nxa5 Rxe7 23. Rxe7 Bxa2+ 24. Kxa2 Qa7 25. Qg7 Qxa5 26. Qxf7 Nac5+
27. Kb1 Ra8 28. Ne6+ Kb6 29. dxc5+ Nxc5 30. Rb7+ Nxb7 31. Qc7+ Ka7 32. Qd7 Qe1+
33. Ka2 Kb8+ 34. Kb3 Na5+ 35. Ka2 Nc4+ 36. Kb3 Nd2+ 37. Kc3 Nb1+ 38. Kb3 Nd2+
39. Kc3 Ne4+ 40. Kb3 Nd2+ 1/2-1/2

[Event "Championnat de France - Open A"]
[Site "Pau"]
[Date "2008.08.20"]
[Round "8.73"]
[White "Dube, Dimitri"]
[Black "Auvray, Simon"]
[Result "1-0"]
[WhiteElo "2124"]
[BlackElo "1920"]
[PlyCount "43"]

1. c3 c5 2. d4 d5 3. Nf3 Nf6 4. Bf4 Nc6 5. e3 Bg4 6. Nbd2 Ne4 7. Nxe4 dxe4 8.
h3 Bh5 9. g4 exf3 10. gxh5 cxd4 11. exd4 Qd5 12. Bd3 e6 13. Rg1 f6 14. Rg3 e5
15. dxe5 Rd8 16. Rxf3 fxe5 17. Qe2 Be7 18. Bc4 Qd7 19. h6 g6 20. Bf7+ Kxf7 21.
Bxe5+ Kg8 22. Bg7 1-0

[Event "Championnat de France - Open A"]
[Site "Pau"]
[Date "2008.08.20"]
[Round "8.74"]
[White "Kirk, Jason"]
[Black "Suez-Panama, Gilles"]
[Result "1-0"]
[WhiteElo "1979"]
[BlackElo "2093"]
[PlyCount "119"]

1. d4 Nf6 2. c4 g6 3. Nc3 d6 4. e4 Bg7 5. Nf3 O-O 6. Be2 e5 7. Be3 c6 8. h3 Qe7
9. d5 c5 10. Qd2 Na6 11. Bg5 Nc7 12. h4 h5 13. Nh2 Qe8 14. Bh6 a6 15. g4 b5 16.
Bxg7 Kxg7 17. g5 Ng8 18. Rg1 bxc4 19. a4 Rb8 20. Nf1 a5 21. Ne3 Ne7 22. Nxc4
Qd7 23. Rg3 Ba6 24. Nxa5 Bxe2 25. Qxe2 Rb4 26. Nc4 Rfb8 27. a5 Nc8 28. Kf1 Nb5
29. Nxb5 R8xb5 30. Rc3 Rb8 31. Kg2 Na7 32. Qf3 Nb5 33. Nb6 Qe7 34. Rb3 Rxb3 35.
Qxb3 Nd4 36. Qa4 Rb7 37. Ra3 Qd8 38. Qc4 f6 39. Qc1 Ne2 40. gxf6+ Qxf6 41. Qg5
Qf8 42. Rf3 Nf4+ 43. Kh2 Qe8 44. Nc4 Qb8 45. Ra3 Rf7 46. Rf3 Qf8 47. Ne3 Kh7
48. Ng2 Nxg2 49. Rxf7+ Qxf7 50. Kxg2 Qd7 51. f3 Qc7 52. Qd2 Qb7 53. Qc3 Qa6 54.
Kf2 Qa7 55. Ke2 Qe7 56. a6 Qa7 57. Qc4 Qb6 58. b3 Qa5 59. Qa4 Qc3 60. Qa2 1-0

[Event "Championnat de France - Open A"]
[Site "Pau"]
[Date "2008.08.20"]
[Round "8.75"]
[White "Busson, Benoist"]
[Black "Lambert, Thierry"]
[Result "1-0"]
[WhiteElo "2028"]
[BlackElo "2000"]
[PlyCount "101"]

1. e4 c5 2. Nc3 e6 3. g3 d5 4. exd5 exd5 5. d4 cxd4 6. Qxd4 Be6 7. Nf3 Nc6 8.
Bb5 a6 9. Bxc6+ bxc6 10. Ne5 Qc8 11. Qa4 Bd7 12. O-O Bd6 13. Re1 Ne7 14. Bf4
O-O 15. Nxd7 Qxd7 16. Re2 Bxf4 17. Qxf4 Ng6 18. Qd4 Rfe8 19. Rae1 Rxe2 20. Rxe2
Nf8 21. Na4 Ne6 22. Qe5 Rd8 23. f4 g6 24. Kf1 Qd6 25. c3 Qxe5 26. Rxe5 d4 27.
cxd4 Rxd4 28. Nc3 Rb4 29. b3 c5 30. Kf2 Rd4 31. Ke3 Rd8 32. Rd5 Rxd5 33. Nxd5
h5 34. Ke4 Kf8 35. Ne3 Ke7 36. Kd5 h4 37. f5 Nc7+ 38. Kxc5 hxg3 39. hxg3 gxf5
40. Nd5+ Nxd5 41. Kxd5 Kf6 42. b4 Kg5 43. a4 Kg4 44. b5 axb5 45. axb5 Kxg3 46.
b6 f4 47. b7 f3 48. b8=Q+ Kg2 49. Qf4 f2 50. Qg4+ Kh2 51. Qf3 1-0

[Event "Championnat de France - Open A"]
[Site "Pau"]
[Date "2008.08.20"]
[Round "8.76"]
[White "Armand, Jerome"]
[Black "Hirt, Jean"]
[Result "1-0"]
[WhiteElo "2020"]
[BlackElo "2053"]
[PlyCount "29"]

1. e4 c5 2. Nf3 d6 3. d4 cxd4 4. Nxd4 Nf6 5. Nc3 Nc6 6. Bg5 e6 7. Ndb5 a6 8.
Bxf6 gxf6 9. Nd4 Qb6 10. Nb3 Bd7 11. Qh5 Ne5 12. Be2 O-O-O 13. a4 Qb4 14. O-O-O
Bxa4 15. Rd4 1-0

[Event "Championnat de France - Open A"]
[Site "Pau"]
[Date "2008.08.21"]
[Round "9.1"]
[White "Brongers, Henk"]
[Black "Lambert, Romain"]
[Result "1-0"]
[WhiteElo "2070"]
[BlackElo "1953"]
[PlyCount "91"]

1. e4 c5 2. Nf3 Nc6 3. d4 cxd4 4. Nxd4 Nf6 5. Nc3 e5 6. Ndb5 d6 7. Bg5 a6 8.
Na3 b5 9. Nd5 Be7 10. Bxf6 Bxf6 11. c3 Bg5 12. Nc2 Ne7 13. h4 Bh6 14. Ncb4 O-O
15. a4 bxa4 16. Rxa4 a5 17. Nxe7+ Qxe7 18. Bc4 Bd7 19. Nd5 Qd8 20. Ra2 Rc8 21.
Qe2 Kh8 22. Bd3 Be6 23. g4 Bf4 24. Ra1 Rc5 25. b4 Rxd5 26. exd5 Bxd5 27. Be4
Bxe4 28. Qxe4 d5 29. Qf3 axb4 30. cxb4 Qd6 31. O-O e4 32. Qa3 Qf6 33. b5 Bd6
34. Qh3 Qe5 35. b6 g6 36. h5 g5 37. b7 f5 38. gxf5 Rxf5 39. Ra8+ Kg7 40. b8=Q
Bxb8 41. Rxb8 g4 42. h6+ Kf7 43. Rb7+ Kf6 44. Qh4+ Rg5 45. Rg7 d4 46. Rb1 1-0

[Event "Championnat de France - Open A"]
[Site "Pau"]
[Date "2008.08.21"]
[Round "9.2"]
[White "Zarrouati, Pierre"]
[Black "Marcantoni, Herve"]
[Result "1/2-1/2"]
[WhiteElo "2188"]
[BlackElo "2198"]
[PlyCount "83"]

1. d4 Nf6 2. Nf3 g6 3. c4 Bg7 4. Nc3 d6 5. e3 O-O 6. Be2 Nbd7 7. O-O e5 8. Qc2
Re8 9. dxe5 dxe5 10. Rd1 e4 11. Nd4 c6 12. b4 a5 13. b5 c5 14. Nb3 Qe7 15. Bb2
a4 16. Nd2 a3 17. Bc1 h5 18. Rb1 h4 19. h3 Nf8 20. Rb3 g5 21. Rxa3 Rxa3 22.
Bxa3 g4 23. Bf1 gxh3 24. gxh3 N8h7 25. Ndxe4 Nxe4 26. Qxe4 Qg5+ 27. Qg2 Bxc3
28. Bxc5 Bxh3 29. Qxg5+ Nxg5 30. Bxh3 Nxh3+ 31. Kg2 Ng5 32. Bd4 Rd8 33. c5 h3+
34. Kh1 Nf3 35. c6 bxc6 36. bxc6 Nxd4 37. exd4 Kf8 38. Rd3 Bb4 39. Rxh3 Ke7 40.
Rd3 Kd6 41. d5 Rg8 42. Rf3 1/2-1/2

[Event "Championnat de France - Open A"]
[Site "Pau"]
[Date "2008.08.21"]
[Round "9.3"]
[White "Derieux, Christian"]
[Black "Buscara, Sevan"]
[Result "0-1"]
[WhiteElo "2149"]
[BlackElo "2159"]
[PlyCount "52"]

1. d4 d5 2. c4 c6 3. Nf3 Nf6 4. Nc3 a6 5. a4 e6 6. g3 a5 7. Bg2 Nbd7 8. O-O Bd6
9. e4 Nxe4 10. Nxe4 dxe4 11. Ng5 f5 12. c5 Bb8 13. f3 exf3 14. Nxe6 Qe7 15. Re1
Ne5 16. Nxg7+ Qxg7 17. Qxf3 O-O 18. dxe5 Bxe5 19. Qb3+ Kh8 20. Rxe5 Qxe5 21.
Bd2 Be6 22. Qc2 Kg8 23. Re1 Qd4+ 24. Kh1 Bd5 25. Bf4 Rae8 26. Rd1 Qb4 0-1

[Event "Championnat de France - Open A"]
[Site "Pau"]
[Date "2008.08.21"]
[Round "9.4"]
[White "Renaudin, Mathieu"]
[Black "Iglesias, Joachim"]
[Result "1-0"]
[WhiteElo "2146"]
[BlackElo "2187"]
[PlyCount "81"]

1. Nf3 Nf6 2. c4 c5 3. Nc3 Nc6 4. g3 g6 5. Bg2 Bg7 6. O-O O-O 7. d4 cxd4 8.
Nxd4 d6 9. Bxc6 bxc6 10. Nxc6 Qd7 11. Nd5 Re8 12. Ncb4 Rb8 13. Qc2 e6 14. Nxf6+
Bxf6 15. Nd3 Ba6 16. Rb1 Rec8 17. b3 d5 18. c5 e5 19. b4 e4 20. Nf4 g5 21. Nh5
Be5 22. Rd1 Rd8 23. c6 Qg4 24. c7 Qxh5 25. cxb8=Q Bxb8 26. b5 Bb7 27. Qd2 Bf4
28. Qd4 Bxc1 29. Rdxc1 Rd7 30. Rc2 Qg6 31. Rbc1 Kf8 32. Rc7 Qd6 33. Rxd7 Qxd7
34. Qh8+ Ke7 35. Qe5+ Kd8 36. Qb8+ Bc8 37. Rc6 Qb7 38. Qd6+ Bd7 39. Qf8+ Be8
40. Rd6+ Kc7 41. Qe7+ 1-0

[Event "Championnat de France - Open A"]
[Site "Pau"]
[Date "2008.08.21"]
[Round "9.5"]
[White "Chamaillard, Sylvain"]
[Black "Veron, Cyprien"]
[Result "1/2-1/2"]
[WhiteElo "2109"]
[BlackElo "2098"]
[PlyCount "72"]

1. e4 e5 2. Nf3 Nc6 3. Bb5 Nf6 4. O-O Nxe4 5. d4 Nd6 6. Bxc6 dxc6 7. dxe5 Nf5
8. Qxd8+ Kxd8 9. Nc3 Ne7 10. b3 Bf5 11. Rd1+ Ke8 12. Ne1 Ng6 13. f4 Bb4 14. Ne2
Ke7 15. Nd3 Rhd8 16. Be3 Ba3 17. Nd4 Bxd3 18. Rxd3 f6 19. Rad1 fxe5 20. fxe5
Rd5 21. Bg5+ Kf7 22. e6+ Kg8 23. Nf3 Rxd3 24. Rxd3 h6 25. Bd2 Bd6 26. Kf1 Re8
27. Nd4 Nf8 28. Bc3 Nxe6 29. Nxe6 Rxe6 30. h3 Re7 31. Rf3 Rf7 32. Rxf7 Kxf7 33.
Bb2 b5 34. c4 g6 35. Ke2 Ke6 36. Kf3 Be5 1/2-1/2

[Event "Championnat de France - Open A"]
[Site "Pau"]
[Date "2008.08.21"]
[Round "9.6"]
[White "Guezennec, Franck"]
[Black "Beghin, Ronan"]
[Result "0-1"]
[WhiteElo "2190"]
[BlackElo "2110"]
[PlyCount "138"]

1. Nf3 d5 2. c4 c6 3. g3 Nf6 4. Bg2 g6 5. O-O Bg7 6. d4 O-O 7. Nc3 Bf5 8. Re1
Qb6 9. Na4 Qb4 10. cxd5 cxd5 11. Bd2 Qb5 12. Nh4 Bc8 13. Nc3 Qb6 14. Bg5 Nc6
15. e3 e6 16. b3 h6 17. Bxf6 Bxf6 18. Nf3 Qb4 19. Rc1 Bd7 20. h4 Rac8 21. Qd3
Ne7 22. Ne5 Bxe5 23. dxe5 Rfd8 24. Bh3 Kg7 25. Red1 Bc6 26. Ne2 Bb5 27. Qd4 Nc6
28. Qxb4 Nxb4 29. Nd4 Bd7 30. a3 Nc6 31. Bf1 Nxe5 32. Be2 a6 33. a4 Kf6 34. Kf1
Be8 35. Ke1 Nd7 36. Nf3 Nc5 37. Rb1 Ne4 38. Rb2 Rc3 39. Nd4 Rdc8 40. Bd3 Nd6
41. Kd2 e5 42. Ne2 R3c7 43. Rc2 Rxc2+ 44. Bxc2 Ke6 45. f4 b5 46. fxe5 Kxe5 47.
a5 Bd7 48. Nd4 Bf5 49. Bxf5 Nxf5 50. Nxf5 Kxf5 51. Rf1+ Ke6 52. Kd3 f5 53. Kd4
Rc2 54. Rg1 h5 55. Kd3 Rc7 56. Kd4 Kd6 57. Ra1 Rc8 58. Rb1 Rc2 59. Rg1 Rd2+ 60.
Kc3 Ra2 61. Rc1 Rxa5 62. Kb4 Ra2 63. Rc8 Rg2 64. Ra8 Rxg3 65. Rxa6+ Ke5 66.
Kxb5 Rxe3 67. b4 f4 68. Rxg6 f3 69. Rg8 Re4 0-1

[Event "Championnat de France - Open A"]
[Site "Pau"]
[Date "2008.08.21"]
[Round "9.7"]
[White "Dionisi, Thomas"]
[Black "Marciniak, Alexandre"]
[Result "1/2-1/2"]
[WhiteElo "2067"]
[BlackElo "2186"]
[PlyCount "38"]

1. e4 c5 2. b3 d6 3. Bb2 Nf6 4. Nc3 Nc6 5. f4 g6 6. Bb5 Bd7 7. Nf3 Bg7 8. Qe2
O-O 9. Bxc6 Bxc6 10. d3 b5 11. O-O Qb6 12. Kh1 c4 13. Nd2 cxd3 14. cxd3 Rac8
15. a4 bxa4 16. Nxa4 Bxa4 17. Rxa4 Nd7 18. Bxg7 Kxg7 19. Nc4 Qxb3 1/2-1/2

[Event "Championnat de France - Open A"]
[Site "Pau"]
[Date "2008.08.21"]
[Round "9.8"]
[White "Ider, Borya"]
[Black "Prodhomme, Boris"]
[Result "1/2-1/2"]
[WhiteElo "2065"]
[BlackElo "2151"]
[PlyCount "41"]

1. d4 d5 2. Nf3 Nf6 3. c4 c6 4. Nc3 a6 5. c5 Nbd7 6. Bf4 Nh5 7. Bg5 g6 8. e4
dxe4 9. Nxe4 Ndf6 10. Nxf6+ exf6 11. Be3 Be6 12. Be2 Qc7 13. Qd2 Rd8 14. b4 f5
15. Ne5 Bg7 16. f4 Nf6 17. Bf3 O-O 18. O-O Bd5 19. Bxd5 Nxd5 20. Rfe1 Rfe8 21.
Rad1 1/2-1/2

[Event "Championnat de France - Open A"]
[Site "Pau"]
[Date "2008.08.21"]
[Round "9.9"]
[White "Millon, Valentin"]
[Black "Garro, Pierre"]
[Result "1-0"]
[WhiteElo "1991"]
[BlackElo "2140"]
[PlyCount "51"]

1. e4 e5 2. Nf3 Nc6 3. Bb5 a6 4. Ba4 Nf6 5. O-O Be7 6. Re1 b5 7. Bb3 O-O 8. h3
d6 9. c3 Na5 10. Bc2 c5 11. d4 Qc7 12. Nbd2 cxd4 13. cxd4 Nc6 14. d5 Nb4 15.
Bb1 a5 16. a3 Na6 17. b4 axb4 18. axb4 Qc3 19. Nb3 Qxb4 20. Bd3 Nc5 21. Rxa8
Nxb3 22. Ba3 Qc3 23. Bxb5 Na5 24. Qc1 Qb3 25. Rxa5 Bd8 26. Bc4 1-0

[Event "Championnat de France - Open A"]
[Site "Pau"]
[Date "2008.08.21"]
[Round "9.10"]
[White "Ferry, Roger"]
[Black "Fernandez, Laura"]
[Result "1-0"]
[WhiteElo "2120"]
[BlackElo "2003"]
[PlyCount "59"]

1. d4 d5 2. Nf3 Nf6 3. Bf4 c5 4. dxc5 Qa5+ 5. c3 Qxc5 6. e3 e6 7. Nbd2 Be7 8.
Bd3 Nh5 9. Bg3 Nxg3 10. hxg3 Bf6 11. Qc2 h6 12. Nd4 Bd7 13. a4 Bxd4 14. exd4
Qc7 15. Nb3 Nc6 16. Nc5 b6 17. Nxd7 Qxd7 18. Qe2 O-O 19. Bb5 a6 20. Bxa6 e5 21.
dxe5 Nxe5 22. Bb5 Qc7 23. O-O Nc4 24. Rfd1 Rad8 25. Rd4 Na5 26. Rad1 Qb7 27.
Qf3 Nc6 28. Rxd5 Ne5 29. Qe4 Ng4 30. Qf5 1-0

[Event "Championnat de France - Open A"]
[Site "Pau"]
[Date "2008.08.21"]
[Round "9.11"]
[White "Ruffenach, Alain"]
[Black "Manoeuvre, Antoine"]
[Result "1/2-1/2"]
[WhiteElo "2100"]
[BlackElo "2095"]
[PlyCount "116"]

1. d4 Nf6 2. Nf3 g6 3. c4 Bg7 4. Nc3 d6 5. e4 O-O 6. Be2 e5 7. dxe5 dxe5 8.
Qxd8 Rxd8 9. Bg5 Re8 10. Nd5 Nxd5 11. cxd5 c6 12. Bc4 cxd5 13. Bxd5 Nc6 14.
Bxc6 bxc6 15. O-O Be6 16. b3 a5 17. Rfc1 a4 18. b4 a3 19. Rxc6 Reb8 20. Bd2 Bf8
21. Ng5 Bxb4 22. Bxb4 Rxb4 23. Nxe6 fxe6 24. f3 Rb2 25. Rxe6 Rc8 26. Rxe5 Rcc2
27. Rg5 Kg7 28. h3 Kf6 29. f4 Re2 30. e5+ Ke6 31. Kh2 Rf2 32. Rg3 Kf5 33. Re1
Rxa2 34. Ree3 Ke6 35. Rxa3 Rxa3 36. Rxa3 Rxf4 37. Ra7 Kxe5 38. Rxh7 Ra4 39. Rf7
Ke6 40. Rf2 Ke7 41. Kg3 Ke6 42. h4 Ke7 43. Rf4 Ra2 44. Kh3 Rb2 45. g4 Rb3+ 46.
Kg2 Ra3 47. Rf3 Ra2+ 48. Kg3 Ra4 49. h5 gxh5 50. gxh5 Ra6 51. Kg4 Rf6 52. Ra3
Kf7 53. Ra7+ Kg8 54. Kg5 Rb6 55. Ra5 Kh7 56. Rc5 Ra6 57. Rc7+ Kh8 58. h6 Rb6
1/2-1/2

[Event "Championnat de France - Open A"]
[Site "Pau"]
[Date "2008.08.21"]
[Round "9.12"]
[White "Baudson, Charles"]
[Black "Jeanjean, Dominique"]
[Result "1-0"]
[WhiteElo "2041"]
[BlackElo "2140"]
[PlyCount "65"]

1. Nc3 d5 2. e4 Nf6 3. exd5 Nxd5 4. Bc4 Nb6 5. Bb3 c5 6. d3 Nc6 7. Qh5 e6 8.
Ne4 Be7 9. Nf3 Nd5 10. Be3 g6 11. Qh6 Bf8 12. Qg5 Be7 13. Qh6 Bf8 14. Qg5 Be7
15. Qg3 Nf6 16. Nxf6+ Bxf6 17. O-O-O Nd4 18. Nxd4 cxd4 19. Bf4 Qa5 20. Rde1 Bd7
21. Be5 Bxe5 22. Rxe5 Qb4 23. Qh4 Rd8 24. Rhe1 Qe7 25. Qxd4 O-O 26. Qxa7 Bc6
27. g3 Rd7 28. f4 Rfd8 29. Qa5 Kg7 30. Qc3 Rd4 31. Rd5 Bxd5 32. Bxd5 Qd7 33.
Rxe6 1-0

[Event "Championnat de France - Open A"]
[Site "Pau"]
[Date "2008.08.21"]
[Round "9.13"]
[White "Platel, Alexandre"]
[Black "Galby, Vassili"]
[Result "1-0"]
[WhiteElo "2190"]
[BlackElo "2086"]
[PlyCount "75"]

1. e4 c5 2. Nf3 Nc6 3. Bb5 Nf6 4. e5 Nd5 5. O-O Nc7 6. a4 g6 7. c3 Bg7 8. d4
cxd4 9. cxd4 O-O 10. Bf4 d6 11. h3 dxe5 12. dxe5 Be6 13. Bxc6 bxc6 14. Qc1 Bd5
15. Rd1 Ne6 16. Nc3 Nxf4 17. Qxf4 e6 18. Ne4 Qb8 19. Nc5 Rd8 20. Ng5 Qxe5 21.
Qxf7+ Kh8 22. Qe7 Rf8 23. Nf7+ Rxf7 24. Qxf7 Rf8 25. Qe7 Bxg2 26. Kxg2 Rxf2+
27. Kxf2 Qh2+ 28. Ke1 Qe5+ 29. Kf2 Qh2+ 30. Ke3 Qg3+ 31. Ke2 Qe5+ 32. Kf3 Qf5+
33. Ke3 Qxh3+ 34. Kd2 Qg2+ 35. Kd3 Qf3+ 36. Kc2 Qe2+ 37. Rd2 Qc4+ 38. Kb1 1-0

[Event "Championnat de France - Open A"]
[Site "Pau"]
[Date "2008.08.21"]
[Round "9.14"]
[White "Poignot, Quentin"]
[Black "Debray, Tristan"]
[Result "0-1"]
[WhiteElo "2087"]
[BlackElo "2145"]
[PlyCount "98"]

1. e4 d5 2. exd5 Qxd5 3. Nc3 Qd6 4. d4 Nf6 5. Nf3 a6 6. g3 b5 7. Bg2 Bb7 8. O-O
e6 9. Bf4 Qd8 10. Qe2 Be7 11. Rad1 O-O 12. Rfe1 Bb4 13. a3 Bxc3 14. bxc3 Nd5
15. Bd2 Nb6 16. Qd3 Bxf3 17. Bxf3 Ra7 18. Be4 h6 19. Qf3 N8d7 20. Bd3 Nf6 21.
g4 Ne4 22. Bc1 Nd5 23. g5 hxg5 24. Qh5 Ndf6 25. Qxg5 Qd5 26. Qg3 Qh5 27. h3 Nd6
28. Bg5 Nd5 29. Rd2 f6 30. Be3 Re8 31. Bg6 Qh8 32. Bxe8 Nxe8 33. Rd3 Nd6 34.
Bd2 Kf7 35. Qg2 Qh5 36. Rg3 Nf5 37. Rg4 c6 38. Rge4 Nh4 39. Qg3 Nf3+ 40. Kg2
Nxd2 41. Rxe6 Qf5 42. Rxc6 Nf4+ 43. Kh2 Nh5 44. Rc7+ Rxc7 45. Qxc7+ Kg8 46.
Re8+ Kh7 47. f4 Nxf4 48. Rh8+ Kxh8 49. Qxg7+ Kxg7 0-1